Top 100 des joueurs NBA avec la meilleure saison individuelle en point - Statistiques

Statistiques générales
  • Ce quiz a été pris 347 fois
  • Le résultat moyen est 32 sur 100
Statistiques - réponses
Meilleur Saison Réponse Saison Equipe % Correct
3041 Michael Jordan 1986-87 Chicago Bulls
99%
2478 LeBron James 2005-06 Cleveland Cavaliers
95%
2832 Kobe Bryant 2005-06 Los Angeles Lakers
93%
2818 James Harden 2018-19 Houston Rockets
92%
4029 Wilt Chamberlain 1961-62 Philadelphie Warriors
90%
2375 Stephen Curry 2015-16 Golden State Warriors
87%
2593 Kevin Durant 2013-14 Oklahoma City Thunder
86%
2476 Jerry West 1965-66 Los Angeles Lakers
84%
2309 Jerry West 1969-70 Los Angeles Lakers
84%
2558 Russell Westbrook 2016-17 Oklahoma City Thunder
83%
2822 Kareem Abdul-Jabbar 1971-72 Milwaukee Bucks
78%
2377 Shaquille O'Neal 1993-94 Orlando Magic
73%
2540 Karl Malone 1989-90 Utah Jazz
65%
2520 Moses Malone 1981-82 Houston Rockets
65%
2386 Dwayne Wade 2008-09 Miami Heat
64%
2383 David Robinson 1993-94 San Antonio Spurs
63%
2183 Joel Embiid 2022-23 Philadelphia 76ers
61%
2295 Larry Bird 1984-85 Boston Celtics
61%
2138 Luka Doncic 2022-23 Dallas Mavericks
59%
2377 Allen Iverson 2005-06 Philadelphia 76ers
58%
2089 Tim Duncan 2001-02 San Antonio Spurs
58%
2184 Hakeem Olajuwon 1993-94 Houston Rockets
56%
2004 Nikola Jokic 2021-22 Denver Nuggets
54%
2480 Oscar Robertson 1963-64 Cincinnati Royals
53%
2122 Carmelo Anthony 2005-06 Denver Nuggets
48%
2151 Dirk Nowitzki 2005-06 Dallas Mavericks
48%
2225 Jayson Tatum 2022-23 Boston Celtics
48%
1987 Kevin Garnett 2003-04 Minnesota Timberwolves
46%
2155 Trae Young 2021-22 Atlanta Hawks
45%
2347 Patrick Ewing 1989-90 New-York Knicks
44%
2067 Damian Lillard 2018-19 Portland Trail Blazers
43%
2014 Giannis Antetokounmpo 2017-18 Milwaukee Bucks
42%
2199 Isaiah Thomas 2016-17 Boston Celtics
42%
2407 Tracy McGrady 2002-03 Orlando Magic
42%
2719 Elgin Baylor 1962-63 Los Angeles Lakers
41%
2429 Bob Pettit 1961-62 St. Louis Hawks
40%
2585 George Gervin 1979-80 San Antonio Spurs
40%
2144 Paul Pierce 2001-02 Boston Celtics
39%
2099 Bradley Beal 2018-19 Washington Wizards
37%
2264 Charles Barkley 1987-88 Philadelphia 76ers
37%
2397 Dominique Wilkins 1987-88 Atlanta Hawks
36%
2135 Shai Gilgeous-Alexander 2022-23 Oklahoma City Thunder
36%
2172 David Thompson 1977-78 Denver Nuggets
35%
2026 Derrick Rose 2010-11 Chicago Bulls
34%
2338 John Havlicek 1970-71 Boston Celtics
32%
2414 Alex English 1985-86 Denver Nuggets
31%
2100 Julius Erving 1979-80 Philadelphia 76ers
31%
2110 Anthony Davis 2017-18 New Orleans Pelicans
30%
2159 Paul George 2018-19 Oklahoma City Thunder
30%
2118 DeMar DeRozan 2021-22 Chicago Bulls
29%
2107 Vince Carter 1999-00 Toronto Raptors
29%
2016 Reggie Miller 1989-90 Indiana Pacers
28%
2775 Rick Barry 1966-67 San Francisco Warriors
27%
2831 Bob McAdoo 1974-75 Buffalo Braves
24%
2350 Elvin Hayes 1970-71 San Diego Rockets
24%
2185 Clyde Drexler 1987-88 Portland Trail Blazers
22%
1982 Gary Payton 1999-00 Seattle SuperSonics / Milwaukee Bucks
22%
2061 Karl-Anthony Towns 2016-17 Minnesota Timberwolves
22%
2346 Gilbert Arenas 2005-06 Washington Wizards
20%
2176 Chris Mullin 1988-89 Golden State Warriors
18%
2102 Kemba Walker 2018-19 Charlotte Hornets
18%
2457 Adrian Dantley 1981-82 Utah Jazz
16%
2027 Bernard King 1983-84 New-York Knicks
16%
2273 Pete Maravich 1976-77 New Orleans Jazz
16%
2008 Kevin McHale 1986-87 Boston Celtics
15%
2043 Bob Love 1970-71 Chicago Bulls
14%
2010 Kevin Love 2013-14 Minnesota Timberwolves
14%
2080 Amar'e Stoudemire 2004-05 Phoenix Suns
13%
2330 Mark Aguirre 1983-84 Dallas Mavericks
10%
2719 Tiny Archibald 1972-73 Kansas City-Omaha Kings
10%
2012 Mike Mitchell 1980-81 Cleveland Cavaliers
8%
2095 Mitch Richmond 1996-97 Sacramento Kings
8%
2021 Randy Smith 1977-78 Buffalo Braves
8%
2070 Sam Jones 1964-65 Boston Celtics
8%
2213 Dave Bing 1970-71 Detroit Pistons
6%
2065 Earl Monroe 1968-69 San Diego Rockets
6%
2380 Jerry Stackhouse 2000-01 Detroit Pistons
6%
2495 Walt Bellamy 1961-62 Chicago Packers
6%
2056 Bob Lanier 1971-72 Detroit Pistons
5%
2253 Dale Ellis 1988-89 Seattle SuperSonics
4%
2115 Glen Rice 1996-97 Charlotte Hornets
4%
2295 Kiki Vandeweghe 1983-84 Denver Nuggets
4%
2028 Michael Redd 2005-06 Milwaukee Bucks
4%
2114 Billy Cunningham 1969-70 Philadelphia 76ers
2%
2244 World B. Free 1978-79 San Diego Clippers
2%
2127 Gail Goodrich 1971-72 Los Angeles Lakers
2%
2338 Jack Twyman 1959-60 Cincinnati Royals
2%
2303 Richie Guerin 1961-62 New-York Knicks
2%
2251 Spencer Haywood 1972-73 Seattle SuperSonics
2%
2201 Tom Chambers 1989-90 Phoenix Suns
2%
2001 George Yardley 1957-58 Detroit Pistons
1%
2186 Purvis Short 1984-85 Golden State Warriors
1%
2044 Antawn Jamison 2000-01 Golden State Warriors
0%
2075 Billy Knight 1976-77 Indiana Pacers
0%
2048 Charlie Scott 1972-73 Phoenix Suns
0%
1995 Connie Hawkins 1969-70 Phoenix Suns
0%
2031 Geoff Petrie 1970-71 Portland Trail Blazzers
0%
2039 Lou Hudson 1970-71 Atlanta Hawks
0%
2014 Paul Whestphal 1977-78 Phoenix Suns
0%
2009 Sidney Wicks 1971-72 Portland Trail Blazers
0%
Aucun quiz correspondant
Distribution des résultats
% des personnes avec chaque résultat
Percentile par nombre de réponses
Votre historique - résultats
Vous n’avez pas pris ce quiz